| 000 | 01808njm a2200373Ia 4500 | ||
|---|---|---|---|
| 001 | 62762 | ||
| 003 | IT-RoPAU | ||
| 005 | 20220918181139.0 | ||
| 008 | 131025s9999 xx 000 0 und d | ||
| 040 | _aIT-RoPAU | ||
| 040 | _cIT-RoPAU | ||
| 041 | _aINGLESE | ||
| 999 |
_c101143 _d101143 |
||
| 999 | _bn.d. | ||
| 100 |
_aAA.VV. _9794 |
||
| 100 |
_eAutore musica _923322 |
||
| 100 |
_gCodice autore musica SPICS: 12000 _9796 |
||
| 245 | _aOne World (Lp Pl 85811) | ||
| 250 | _a1a ed. | ||
| 260 | _aNEW YORK | ||
| 260 |
_bRCA RECORDS _c1986 [1a Ed.:1986 - Ed. Lingua Orig.: 1986] |
||
| 300 | _aDISCO | ||
| 300 | _c42 minuti (Testo: pag.) | ||
| 500 | _aMusica pop | ||
| 505 | _aLove Is the Master (3:00) - Love Again (3:00) - I Remember You (3:00) - Hey There, Mr. Lonely Heart (4:00) - Let Us Begin [(What Are We Making Weapons For?) (6:00)] - Flying For me (6:00) - Along For the Ride [('56T-Bird) (5:00)] - I Can't Escape (4:00) - True Love Takes Time (5:00) - One World (5:00) - It's A Possibility (4:00) | ||
| 650 |
_aPOP [DISCHI] _eCodice MATERIA SPICS: 9950 _91001 |
||
| 700 |
_aDenver John _gCodice interprete SPICS: 16459 _eInterprete _923323 |
||
| 700 |
_aDenver John _gCodice autore testo/musica SPICS: 16459 _eAutore testo/musica _923324 |
||
| 700 |
_aSchertzinger Victor _gCodice autore musica SPICS: 20490 _eAutore musica _pI Remember You _923325 |
||
| 700 |
_aMercer Johnny _gCodice autore testo/musica SPICS: 18100 _eAutore testo/musica _pI Remember You _923326 |
||
| 700 |
_aBraun Bill _gCodice autore musica SPICS: 22335 _eAutore musica _pAlong For the Ride _923327 |
||
| 700 |
_aO'Keefe Danny _gCodice autore testo/musica SPICS: 22334 _eAutore testo/musica _pAlong For the Ride _923328 |
||
| 700 |
_aDarnell Dik _gCodice autore musica SPICS: 22336 _eAutore musica _pTrue Love Takes Time _923329 |
||
| 942 |
_cMD _2ddc |
||